Ghost at noon (Record no. 228894)
[ view plain ]
| 000 -LEADER | |
|---|---|
| fixed length control field | 00363nam a2200157Ia 4500 |
| 008 - FIXED-LENGTH DATA ELEMENTS--GENERAL INFORMATION | |
| fixed length control field | 230917s9999||||xx |||||||||||||| ||und|| |
| 020 ## - ISBN | |
| Price | RS3.15 |
| 040 ## - CATALOGING SOURCE | |
| -- | 47765 |
| Original cataloging agency | VIVEKANANDA LIBRARY |
| 041 ## - Language | |
| -- | English |
| 082 ## - DDC NUMBER | |
| Classification number | 853.9 M797G |
| 100 ## - MAIN ENTRY--PERSONAL NAME | |
| Personal name | Moravia, Alberto |
| 245 #0 - TITLE STATEMENT | |
| Title | Ghost at noon |
| 260 ## - PUBLICATION, DISTRIBUTION, ETC. (IMPRINT) | |
| Place of publication, distribution, etc | England |
| Name of publisher, distributor, etc | Penguin Books |
| Date of publication, distribution, etc | 1964 |
| 300 ## - PHYSICAL DESCRIPTION | |
| Pages | 206 p. |
| 942 ## - ADDED ENTRY ELEMENTS (KOHA) | |
| Koha item type | Books |
| Withdrawn status | Lost status | Damaged status | Not for loan | Location (home branch) | Sublocation or collection (holding branch) | Date acquired | Koha issues (times borrowed) | Koha full call number | Accession No. | Koha date last seen | Koha item type |
|---|---|---|---|---|---|---|---|---|---|---|---|
| VIVEKANANDA LIBRARY | VIVEKANANDA LIBRARY | 02/12/2002 | 853.9 M797G | 9690 | 17/09/2023 | Books |
